La enseñanza de las matemáticas en la escuela primaria : taller para maestros. primera parte.

Guardado en:
Detalles Bibliográficos
Autor principal: Block Sevilla, David coord, (autor)
Otros autores: Balbuena Corro, Hugo, [et al.] (autor) [et al.], (autor)
Formato: Libro
Idioma:Español
Temas:
Etiquetas: Agrega una etiqueta
Sin etiquetas, Sé el primero en etiquetar este registro!

MARC

LEADER 00000nam^a2200000^u^4500
001 000497145
005 20250521000000.0
008 070302s1000^^^^^^^^^^^^r^^^^^000^0^spa^d
009 20260310125628.531
022 |a 968297612X 
035 |a FCE 000040758 
037 |a Acervo ITESO - Biblioteca 
041 |a spa 
082 0 4 |a 372.7  |b BLOe TALLM 1 
100 |a Block Sevilla, David,  |e coord  |e (autor) 
245 1 0 |a La enseñanza de las matemáticas en la escuela primaria :  |b taller para maestros. primera parte. 
264 |a México :  |b SEP, Programa Nacional de Actualización Permanente,  |c 1995. 
300 |a 303 p. :  |b il. cuad. 
336 |a texto  |b txt  |2 rdacontenido 
337 |a sin mediación  |b n  |2 rdamedio 
338 |a volumen  |b nc  |2 rdasoporte 
596 |a Incluye bibliografía, pp.301-303 
649 |a XX 
650 |a Enseñanza de las matemáticas 
650 |a Estudio 
650 |a Formación de docentes 
650 |a Educación primaria 
650 |a México 
700 |a Balbuena Corro, Hugo,  |e [et al.]  |e (autor) 
910 |a Fondo Centro de Estudios Educativos 
920 |a Impresos - Libros 
930 |a Fondos Especiales 
905 |a 133 
901 |a ALE047595  |b IT2  |c CEE  |u 20250521 
901 |a ALE049831  |b IT2  |c CEE  |u 20250521 
902 |a https://opac.biblio.iteso.mx/vufind/Record/000497145